000 00661nam a2200253 a 4500
001 nice12345678
003 IN_TiNIC
005 20260116014011.0
008 121129s1990 newa grp 000 0 eng
020 _a9780140137354
_c399
082 0 0 _a155.3
_bFOU
100 _aFoucault, Michel
245 _aCare of the Self
_b The History of Sexuality (volume 3)
260 _aNew Delhi
_bPenguin Books
_c1990
300 _a279p
500 _aincludes index and biblioraphy
505 2 _aBibliography, Index
650 _aSexuality
650 _aSexuality-Psychology
700 1 _aFoucault, Michel
902 _bSRS
942 _cBK
999 _c13442
_d13442